Chansons francophones des années 70 - Mort subite - Statistiques

Statistiques générales
  • Ce quiz a été pris 148 fois
  • Le résultat moyen est 3 sur 20
Answers on the Grid
Answers color-coded by a green-red scale on the quiz's grid according to % correct below.
L'aigle noir - Barbara
Mamy Blue - Nicoletta
Les Rois mages - Sheila
Avec le temps - Léo Ferré
San Francisco - Maxime Le Forestier
Besoin de personne - Véronique Sanson
Comme si tu devais mourir demain - Michel Fugain
Les gondoles à Venise - Sheila & Ringo
Amoureux de ma femme - Richard Anthony
C'est moi - C. Jérôme
Hexagone - Renaud
Du côté de chez Swann - Dave
Requiem pour un fou - Johnny Hallyday
Je vais t'aimer - Michel Sardou
L'oiseau et l'enfant - Marie Myriam
Alexandrie Alexandra - Claude François
Rosalie - Carlos
Femme, femme, femme - Serge Lama
Pauvres diables - Julio Iglesias
Manureva - Alain Chamfort
Tom Pillibi - Jacqueline Boyer
Santiano - Hugues Aufray
Le lion est mort ce soir - Henri Salvador
La Javanaise - Serge Gainsbourg
Les copains d'abord - Georges Brassens
Aline - Christophe
Les Cactus - Jacques Dutronc
Comme un garçon - Sylvie Vartan
Vesoul - Jacques Brel
Les Champs-Élysées - Joe Dassin
Je ne suis pas un héros - Daniel Balavoine
Vertige de l'amour - Alain Bashung
Ça (C'est vraiment toi) - Téléphone
Mourir sur scène - Dalida
Plus près des étoiles - Gold
Encore et encore - Francis Cabrel
Belle-Île-en-Mer, Marie-Galante - Laurent Voulzy
Sans contrefaçon - Mylène Farmer
Quand je t'aime - Demis Roussos
Hélène - Roch Voisine
 
Statistiques - réponses
Réponse % Correct
1977 L'oiseau et l'enfant - Marie Myriam
32%
1977 Alexandrie Alexandra - Claude François
30%
1976 Je vais t'aimer - Michel Sardou
23%
1972 San Francisco - Maxime Le Forestier
19%
1973 Les gondoles à Venise - Sheila & Ringo
17%
1972 Besoin de personne - Véronique Sanson
16%
1975 Du côté de chez Swann - Dave
16%
1975 Hexagone - Renaud
16%
1971 Les Rois mages - Sheila
16%
1974 Amoureux de ma femme - Richard Anthony
14%
1974 C'est moi - C. Jérôme
14%
1978 Femme, femme, femme - Serge Lama
14%
1970 L'aigle noir - Barbara
12%
1970 Mamy Blue - Nicoletta
12%
1979 Pauvres diables - Julio Iglesias
10%
1979 Manureva - Alain Chamfort
9%
1976 Requiem pour un fou - Johnny Hallyday
7%
1973 Comme si tu devais mourir demain - Michel Fugain
6%
1978 Rosalie - Carlos
6%
1971 Avec le temps - Léo Ferré
4%
Aucun quiz correspondant
Distribution des résultats
% des personnes avec chaque résultat
Percentile par nombre de réponses
Votre historique - résultats
Vous n’avez pas pris ce quiz